[Event "Veletrzni turnaj 2021"]
[Site "?"]
[Date "2021.09.01"]
[Round "5.24"]
[White "Svec, Ludek"]
[Black "Smidek, Prokop"]
[Result "1-0"]
[WhiteElo "1549"]
[BlackElo "1262"]
[PlyCount "111"]
[EventDate "2021.09.01"]
[SourceDate "2021.09.01"]

1. d4 d5 2. Nf3 e6 3. g3 c5 4. Bg2 Nf6 5. O-O c4 6. Nc3 Nc6 7. e3 a6 8. a4 g6
9. Bd2 Bg7 10. Ne2 Bd7 11. a5 O-O 12. Bc3 Ne4 13. Qc1 Qc7 14. Kh1 Rfb8 15. Nfg1
Nd6 16. Nf4 Re8 17. Nge2 Nf5 18. Qd2 Nd6 19. f3 Nb5 20. e4 Bh6 21. e5 Rab8 22.
Rfd1 b6 23. axb6 Qxb6 24. Ba5 Nxa5 25. Qxa5 Qxa5 26. Rxa5 Nc7 27. Rb1 Bxf4 28.
Nxf4 c3 29. b3 Bb5 30. Kg1 Rb6 31. Kf2 Reb8 32. Ke3 Kg7 33. Rba1 f6 34. Nd3
Bxd3 35. Kxd3 Rc6 36. Bf1 fxe5 37. dxe5 Rbb6 38. Ke3 g5 39. Bd3 h5 40. R1a4 Nb5
41. Bxb5 axb5 42. Rb4 Kg6 43. Rbxb5 Rxb5 44. Rxb5 Kf5 45. f4 h4 46. fxg5 hxg3
47. hxg3 Kxe5 48. Rb8 Ra6 49. g4 d4+ 50. Kd3 Ra7 51. Rb5+ Kf4 52. Kxd4 Rg7 53.
Kxc3 Rxg5 54. Rxg5 Kxg5 55. Kd3 Kxg4 56. Ke4 1-0

[Event "Veletrzni turnaj 2021"]
[Site "?"]
[Date "2021.09.01"]
[Round "5.25"]
[White "Rychtecky, Pavel"]
[Black "Teply, Jan"]
[Result "1-0"]
[WhiteElo "1543"]
[BlackElo "1063"]
[PlyCount "113"]
[EventDate "2021.09.01"]
[SourceDate "2021.09.01"]

1. e4 e5 2. Nf3 Nc6 3. Bb5 a6 4. Ba4 Nf6 5. O-O Bc5 6. c3 Nxe4 7. Nxe5 Nxe5 8.
d4 Ba7 9. Qe2 Nc6 10. Qxe4+ Ne7 11. Re1 c6 12. Bc2 d5 13. Qe5 Be6 14. Qxg7 Kd7
15. Bg5 Qg8 16. Qf6 Ng6 17. Nd2 h6 18. Bh4 Nxh4 19. Qxh4 Qg5 20. Nf3 Qxh4 21.
Nxh4 Rag8 22. Re3 Bb8 23. g3 Bc7 24. Kg2 Bd8 25. Nf3 h5 26. Ne5+ Kc7 27. f4 Rg7
28. Rae1 h4 29. f5 Bc8 30. h3 hxg3 31. Rh1 Rh5 32. Rf3 Bh4 33. Rhf1 Kb6 34. c4
dxc4 35. Nxc4+ Ka7 36. Nd6 Bd7 37. Rb3 b5 38. Rbf3 Kb6 39. Bb3 f6 40. Re3 Kc7
41. Ne4 Bxf5 42. Bd1 Bxe4+ 43. Rxe4 Rh6 44. Bg4 Rf7 45. Re6 Rd7 46. Rc1 Rd6 47.
Rxd6 Kxd6 48. Bf3 Ke7 49. Rxc6 Rh8 50. Rxa6 Rd8 51. d5 Rc8 52. Rc6 Ra8 53. a3
Ra4 54. Rc5 Rd4 55. Rc2 f5 56. Re2+ Kd6 57. Rc2 1-0

[Event "Veletrzni turnaj 2021"]
[Site "?"]
[Date "2021.09.01"]
[Round "5.26"]
[White "Kubatova, Beta"]
[Black "Krystr, Jaromir"]
[Result "0-1"]
[WhiteElo "1049"]
[BlackElo "1514"]
[PlyCount "74"]
[EventDate "2021.09.01"]
[SourceDate "2021.09.01"]

1. d4 Nf6 2. c4 g6 3. Nc3 Bg7 4. Nf3 O-O 5. g3 d6 6. Bg2 Nc6 7. O-O a6 8. Bg5
Rb8 9. a3 Bg4 10. Qd2 Bxf3 11. Bxf3 Nd7 12. Bxc6 bxc6 13. b4 Re8 14. Rac1 Nf6
15. Bh6 Qc8 16. Qf4 Qh3 17. Qh4 Qxh4 18. gxh4 Bxh6 19. Rcd1 a5 20. Rb1 axb4 21.
axb4 Bd2 22. Na2 Ne4 23. f3 Be3+ 24. Kg2 Nd2 25. Rfd1 Nxb1 26. Rxb1 Bxd4 27.
Nc1 Ra8 28. Nd3 Ra1 29. Rb3 Rg1+ 30. Kh3 Ra8 31. Nf4 e5 32. Nd3 Ra2 33. b5 cxb5
34. Rxb5 Rxe2 35. Nb4 Rgg2 36. h5 Rxh2+ 37. Kg4 Reg2# 0-1

[Event "Veletrzni turnaj 2021"]
[Site "?"]
[Date "2021.09.01"]
[Round "5.28"]
[White "Luc, Martin"]
[Black "Kubatova, Ema"]
[Result "1-0"]
[WhiteElo "1114"]
[BlackElo "1005"]
[PlyCount "109"]
[EventDate "2021.09.01"]
[SourceDate "2021.09.01"]

1. e4 c5 2. Nf3 Nc6 3. d4 cxd4 4. Nxd4 g6 5. Nc3 Bg7 6. Be3 Nf6 7. Bc4 O-O 8.
O-O Nxe4 9. Nxe4 d5 10. Bxd5 Qxd5 11. Nc3 Qd7 12. Nxc6 Qxc6 13. Qd2 Be6 14.
Rad1 Qc7 15. Nd5 Bxd5 16. Qxd5 Rfd8 17. Qb3 Rac8 18. c3 b6 19. Rxd8+ Rxd8 20.
Rd1 Rxd1+ 21. Qxd1 Qd6 22. Qf3 Qd7 23. Qa8+ Bf8 24. h3 Kg7 25. Bh6+ Kf6 26.
Qf3+ Qf5 27. Qxf5+ gxf5 28. Bxf8 f4 29. Bh6 e5 30. g3 Kf5 31. Kg2 Ke4 32. gxf4
exf4 33. Bg7 Kd3 34. a4 Kc2 35. b4 Kb3 36. a5 bxa5 37. bxa5 Ka4 38. Bd4 a6 39.
Bb6 Kb3 40. Kf3 Kxc3 41. Kxf4 Kc4 42. Kf5 Kd5 43. f4 h6 44. Kf6 Ke4 45. f5 Kf4
46. Kxf7 Kxf5 47. Be3 h5 48. h4 Kg4 49. Bg5 Kf5 50. Be7 Ke5 51. Bg5 Kf5 52. Ke7
Ke5 53. Kd7 Kd5 54. Kc7 Kc5 55. Kb7 1-0

[Event "Veletrzni turnaj 2021"]
[Site "?"]
[Date "2021.09.02"]
[Round "6.1"]
[White "Glozar, Petr"]
[Black "Hladky, Tadeas"]
[Result "1-0"]
[WhiteElo "2110"]
[BlackElo "1908"]
[PlyCount "47"]
[EventDate "2021.09.02"]
[SourceDate "2021.09.02"]

1. d4 d5 2. c4 c6 3. Nc3 Nf6 4. e3 e6 5. Nf3 Nbd7 6. Bd3 Bd6 7. O-O O-O 8. Qc2
h6 9. b3 b6 10. Bb2 Bb7 11. Rfe1 a6 12. Rad1 Qc7 13. Qe2 e5 14. dxe5 Nxe5 15.
Nxe5 Bxe5 16. h3 dxc4 17. bxc4 Rfe8 18. Bb1 Nh7 19. c5 bxc5 20. Ne4 Qb6 21.
Bxe5 Rxe5 22. Nd6 Rd5 23. Bxh7+ Kxh7 24. Rb1 1-0

[Event "Veletrzni turnaj 2021"]
[Site "?"]
[Date "2021.09.02"]
[Round "6.2"]
[White "Meszaros, Ludek"]
[Black "Tajovsky, Matej"]
[Result "0-1"]
[WhiteElo "2027"]
[BlackElo "2025"]
[PlyCount "58"]
[EventDate "2021.09.02"]
[SourceDate "2021.09.02"]

1. e4 c5 2. Nf3 e6 3. d3 Nc6 4. g3 g6 5. Bg2 Bg7 6. O-O Nge7 7. Nc3 O-O 8. Bg5
h6 9. Be3 d6 10. Qd2 Kh7 11. d4 b6 12. d5 exd5 13. exd5 Nb4 14. a3 Na6 15. Nh4
g5 16. Nf3 Ng6 17. Qd3 Nc7 18. Ne4 f5 19. Nexg5+ hxg5 20. Nxg5+ Kg8 21. Qe2 Rf6
22. Qh5 Ne5 23. Nh7 Rg6 24. Bg5 Qe8 25. f4 Ng4 26. Rae1 Re6 27. Qxe8+ Rxe8 28.
Rxe8+ Nxe8 29. Re1 Bd4+ 0-1

[Event "Veletrzni turnaj 2021"]
[Site "?"]
[Date "2021.09.02"]
[Round "6.3"]
[White "Fiala, Vaclav"]
[Black "Kuchar, Matej"]
[Result "1-0"]
[WhiteElo "2307"]
[BlackElo "1998"]
[PlyCount "93"]
[EventDate "2021.09.02"]
[SourceDate "2021.09.03"]

1. b3 c5 2. Bb2 Nc6 3. Nf3 d6 4. e3 a6 5. c4 e5 6. d4 cxd4 7. exd4 e4 8. Nfd2
f5 9. d5 Ne5 10. c5 Nf7 11. cxd6 Nf6 12. Nc4 b5 13. Ne5 Nxe5 14. Bxe5 Bxd6 15.
Qd4 O-O 16. Nc3 Bxe5 17. Qxe5 Bb7 18. O-O-O Rc8 19. Kb2 Ng4 20. Qd4 e3 21. fxe3
Nf2 22. Be2 Nxh1 23. Rxh1 Qf6 24. Rd1 Qxd4 25. Rxd4 Rfe8 26. Nd1 Re4 27. Rd3 b4
28. Bf3 Re5 29. a3 a5 30. Rd4 Kf7 31. axb4 axb4 32. e4 fxe4 33. Bxe4 Rd8 34.
Ne3 Rde8 35. Nc4 Rxe4 36. Nd6+ Kg6 37. Nxe4 Bxd5 38. Ng3 Bxg2 39. Rg4+ Kf7 40.
Rxb4 Re6 41. Rd4 g6 42. b4 Kf6 43. Kc3 h5 44. Rf4+ Kg5 45. Rf2 Bb7 46. Ne2 Rf6
47. h4+ 1-0

[Event "Veletrzni turnaj 2021"]
[Site "?"]
[Date "2021.09.02"]
[Round "6.4"]
[White "Pokorny, Petr"]
[Black "Lukas, Frantisek"]
[Result "1/2-1/2"]
[WhiteElo "2162"]
[BlackElo "1879"]
[PlyCount "53"]
[EventDate "2021.09.02"]
[SourceDate "2021.09.02"]

1. d4 d5 2. Nf3 c5 3. c4 dxc4 4. e3 e6 5. Bxc4 Nf6 6. O-O a6 7. dxc5 Qxd1 8.
Rxd1 Bxc5 9. Be2 Nbd7 10. a3 O-O 11. b4 Be7 12. Bb2 b5 13. Nbd2 Bb7 14. Rac1
Rac8 15. Nb3 Bd5 16. Na5 Nb6 17. Ne5 Rxc1 18. Rxc1 Bd6 19. f3 Rc8 20. Rxc8+
Nxc8 21. e4 Ba8 22. Nd3 Nd7 23. Bd4 e5 24. Be3 Bc7 25. Nb3 Bc6 26. Nbc5 Nb8 27.
Nb2 1/2-1/2

[Event "Veletrzni turnaj 2021"]
[Site "?"]
[Date "2021.09.02"]
[Round "6.5"]
[White "Sipek, Michal"]
[Black "Jires, Jiri"]
[Result "0-1"]
[WhiteElo "2021"]
[BlackElo "2144"]
[PlyCount "44"]
[EventDate "2021.09.02"]
[SourceDate "2021.09.02"]

1. Nf3 Nf6 2. g3 g6 3. Bg2 Bg7 4. c4 O-O 5. Nc3 c6 6. O-O d5 7. d4 dxc4 8. Ne5
Ng4 9. Nxg4 Bxg4 10. h3 Be6 11. Be3 Qd7 12. Kh2 Rd8 13. Qc1 Na6 14. Rd1 Nc7 15.
Bh6 f5 16. h4 b5 17. h5 Bf7 18. Bxg7 Kxg7 19. h6+ Kg8 20. d5 cxd5 21. Nxd5 Bxd5
22. Qc3 e6 0-1

[Event "Veletrzni turnaj 2021"]
[Site "?"]
[Date "2021.09.02"]
[Round "6.6"]
[White "Vaculik, Martin"]
[Black "Volak, Simon"]
[Result "0-1"]
[WhiteElo "1862"]
[BlackElo "2035"]
[PlyCount "133"]
[EventDate "2021.09.02"]
[SourceDate "2021.09.03"]

1. e4 c5 2. Nc3 g6 3. Nge2 Bg7 4. d4 cxd4 5. Nxd4 Nc6 6. Be3 Nf6 7. Bc4 O-O 8.
Bb3 a5 9. O-O a4 10. Nxa4 Nxe4 11. Nb5 d5 12. Bb6 Qd7 13. f3 Nb4 14. Nc7 Rxa4
15. Bxa4 Qxa4 16. fxe4 Qc6 17. Bd4 Bxd4+ 18. Qxd4 Nxc2 19. Qf2 Nxa1 20. Nxd5
Qd6 21. Rxa1 Be6 22. Rd1 Bxd5 23. Rxd5 Qb4 24. Rd4 Qb5 25. Qd2 Qb6 26. Kh1 Qa6
27. h3 Qxa2 28. Kh2 Qe6 29. b4 Kg7 30. Qf4 Rc8 31. e5 Rc6 32. Qe4 Rc3 33. Qd5
Qf5 34. e6 fxe6 35. Qxf5 exf5 36. Rd7 Kf6 37. Rxb7 Rb3 38. b5 h6 39. h4 g5 40.
Rb6+ e6 41. Rb8 gxh4 42. Rh8 Kg7 43. Re8 Kf7 44. Rb8 Kf6 45. b6 Ke5 46. b7 f4
47. Kg1 h3 48. gxh3 Rb2 49. h4 h5 50. Kf1 Ke4 51. Re8 Rxb7 52. Rxe6+ Kf3 53.
Kg1 Rb1+ 54. Kh2 Kf2 55. Re5 f3 56. Rxh5 Rb4 57. Kh3 Kg1 58. Rg5+ Kf1 59. h5 f2
60. Rf5 Kg1 61. Rg5+ Kh1 62. Rf5 Rb3+ 63. Kg4 Kg2 64. Kg5 Rf3 65. Rxf3 Kxf3 66.
h6 f1=Q 67. Kg6 0-1

[Event "Veletrzni turnaj 2021"]
[Site "?"]
[Date "2021.09.02"]
[Round "6.7"]
[White "Mares, Jaroslav"]
[Black "Hrdlicka, Vladan"]
[Result "1/2-1/2"]
[WhiteElo "1938"]
[BlackElo "1769"]
[PlyCount "84"]
[EventDate "2021.09.02"]
[SourceDate "2021.09.02"]

1. c4 Nf6 2. Nc3 b6 3. Nf3 Bb7 4. b3 e6 5. g3 c5 6. Bg2 Be7 7. Bb2 O-O 8. O-O
Na6 9. e3 Nc7 10. Qc2 d5 11. d4 cxd4 12. Nxd4 Rc8 13. Rfd1 Qe8 14. a3 b5 15.
Rac1 bxc4 16. bxc4 Na8 17. Qa4 Rxc4 18. Qxa7 Qd7 19. Ncb5 Bc5 20. Qa5 Nb6 21.
Nb3 Ra8 22. Nxc5 Rxa5 23. Nxd7 Nfxd7 24. Nd6 Rxc1 25. Rxc1 Ba6 26. e4 Kf8 27.
exd5 exd5 28. Re1 Nf6 29. Bxf6 gxf6 30. Re8+ Kg7 31. Nf5+ Kg6 32. Ne7+ Kh6 33.
Rg8 Bd3 34. Rg4 Bg6 35. h4 f5 36. Rf4 Rxa3 37. Bf3 d4 38. h5 Bxh5 39. Nxf5+ Kg5
40. Bxh5 Kxh5 41. Nxd4 Ra4 42. Kg2 Kg6 1/2-1/2

[Event "Veletrzni turnaj 2021"]
[Site "?"]
[Date "2021.09.02"]
[Round "6.8"]
[White "Stehlik, Jiri"]
[Black "Ivan, Laszlo"]
[Result "0-1"]
[WhiteElo "1847"]
[BlackElo "1533"]
[PlyCount "68"]
[EventDate "2021.09.02"]
[SourceDate "2021.09.02"]

1. c4 Nf6 2. Nf3 Nc6 3. g3 e5 4. Nc3 Bb4 5. Bg2 O-O 6. O-O d6 7. d3 h6 8. Bd2
a6 9. a3 Bc5 10. b4 Ba7 11. Rb1 Be6 12. h3 Qd7 13. Kh2 Rab8 14. b5 Nd4 15. Nxd4
exd4 16. Na4 Rfe8 17. Qc2 Bf5 18. Rfe1 d5 19. b6 cxb6 20. Nxb6 Bxb6 21. Rxb6
dxc4 22. Qxc4 Re6 23. Qb3 Qe7 24. Bf4 Rxb6 25. Qxb6 Re8 26. Qxd4 Qxa3 27. Bxb7
Bxd3 28. Ra1 Qb3 29. Qxd3 Qxb7 30. Rxa6 Qb2 31. Be3 Ne4 32. f3 Nc5 33. Bxc5
Rxe2+ 34. Kh1 Rh2+ 0-1

[Event "Veletrzni turnaj 2021"]
[Site "?"]
[Date "2021.09.02"]
[Round "6.9"]
[White "Tajovsky, Simon"]
[Black "Rehurek, Karel"]
[Result "0-1"]
[WhiteElo "1607"]
[BlackElo "1798"]
[PlyCount "54"]
[EventDate "2021.09.02"]
[SourceDate "2021.09.02"]

1. d4 Nf6 2. c4 g6 3. Nc3 d5 4. cxd5 Nxd5 5. e4 Nxc3 6. bxc3 Bg7 7. Be3 O-O 8.
Qd2 c6 9. Rc1 Nd7 10. Nf3 Nb6 11. Be2 Qc7 12. O-O Rd8 13. c4 Bg4 14. h3 Bxf3
15. Bxf3 Bxd4 16. Bf4 Be5 17. Bxe5 Qxe5 18. Qb4 Rd4 19. a4 Qd6 20. Qb3 Qc7 21.
a5 Nd7 22. Rfe1 e5 23. c5 Rb8 24. Qc3 Ra4 25. Rcd1 Nf8 26. Rd6 Qxa5 27. Qc1 Ne6
0-1

[Event "Veletrzni turnaj 2021"]
[Site "?"]
[Date "2021.09.02"]
[Round "6.11"]
[White "Zikan, Karel"]
[Black "Habinova, Alice"]
[Result "1-0"]
[WhiteElo "1627"]
[BlackElo "1418"]
[PlyCount "99"]
[EventDate "2021.09.02"]
[SourceDate "2021.09.02"]

1. Nf3 d5 2. d4 Bf5 3. c4 e6 4. cxd5 exd5 5. Nc3 Nf6 6. Bg5 Be7 7. e3 O-O 8.
Rc1 Nbd7 9. Bd3 Bxd3 10. Qxd3 c5 11. dxc5 Nxc5 12. Qe2 Qd6 13. O-O Rfd8 14.
Rfd1 Rac8 15. Bxf6 Qxf6 16. Nxd5 Qe6 17. Nxe7+ Qxe7 18. Rxd8+ Rxd8 19. h3 h6
20. Qc2 b6 21. Nd4 Qh4 22. f3 Qg5 23. Re1 Qd5 24. b4 Na6 25. a3 Qd7 26. Rc1 Re8
27. Kf2 Nb8 28. Qc3 Qd5 29. e4 Qg5 30. Nf5 Rd8 31. Rc2 Nd7 32. h4 Qf6 33. Qxf6
Nxf6 34. Ke2 Rd7 35. g4 Kh7 36. h5 Ne8 37. e5 Rd5 38. f4 Rd7 39. Ke3 Nc7 40.
Rc6 Ne6 41. Nd6 Nc7 42. Ke4 Ne6 43. Rc8 Re7 44. Re8 Rc7 45. Rc8 Re7 46. Rb8 Rc7
47. Rb7 Rc1 48. Rxf7 Nd8 49. Rxa7 Re1+ 50. Kf5 1-0

[Event "Veletrzni turnaj 2021"]
[Site "?"]
[Date "2021.09.02"]
[Round "6.12"]
[White "Wunsch, Radek"]
[Black "Vojtek, Pavel"]
[Result "1-0"]
[WhiteElo "1895"]
[BlackElo "1609"]
[PlyCount "41"]
[EventDate "2021.09.02"]
[SourceDate "2021.09.02"]

1. e4 e6 2. f4 d5 3. e5 c5 4. Nf3 Nc6 5. c3 Qb6 6. Na3 a6 7. Nc2 f6 8. d4 cxd4
9. Ncxd4 fxe5 10. fxe5 Nge7 11. Bd3 Qc7 12. O-O Nxd4 13. cxd4 h6 14. Nh4 Bd7
15. Qh5+ Kd8 16. Bg5 Be8 17. Bg6 Rg8 18. Bxe8 hxg5 19. Bf7 gxh4 20. Bxg8 Kd7
21. Bxe6+ 1-0

[Event "Veletrzni turnaj 2021"]
[Site "?"]
[Date "2021.09.02"]
[Round "6.13"]
[White "Marsa, Alexandr"]
[Black "Ulcak, Michael"]
[Result "1-0"]
[WhiteElo "1863"]
[BlackElo "1470"]
[PlyCount "35"]
[EventDate "2021.09.02"]
[SourceDate "2021.09.02"]

1. d4 d5 2. c4 c6 3. Nc3 Nf6 4. e3 a6 5. Nf3 Nbd7 6. Bd3 g6 7. O-O Bg7 8. e4
dxe4 9. Nxe4 O-O 10. Nc3 b5 11. Re1 Nb6 12. b3 Bg4 13. Be2 bxc4 14. bxc4 Bxf3
15. Bxf3 Nxc4 16. Qd3 Nd6 17. Bxc6 Nf5 18. Bxa8 1-0

[Event "Veletrzni turnaj 2021"]
[Site "?"]
[Date "2021.09.02"]
[Round "6.14"]
[White "Zuziak, Petr"]
[Black "Lukas, Ondrej"]
[Result "1-0"]
[WhiteElo "1797"]
[BlackElo "1452"]
[PlyCount "63"]
[EventDate "2021.09.02"]
[SourceDate "2021.09.02"]

1. d4 f5 2. Nc3 Nf6 3. Bg5 e6 4. e4 fxe4 5. Nxe4 Be7 6. Bxf6 Bxf6 7. Nf3 b6 8.
Bd3 Bb7 9. Qe2 a5 10. O-O-O Qe7 11. g4 Qf8 12. Rhe1 Na6 13. c3 Be7 14. Qe3 Kd8
15. Ne5 Nb8 16. Ng5 Bxg5 17. Qxg5+ Kc8 18. Qe3 a4 19. f4 a3 20. b3 g6 21. f5
gxf5 22. gxf5 exf5 23. Rf1 Qe7 24. Rxf5 Re8 25. Rdf1 Bd5 26. c4 Bg8 27. Qg5 Kd8
28. Rg1 d6 29. Qxg8 dxe5 30. Qd5+ Kc8 31. Rxe5 Qf8 32. Bf5+ 1-0

[Event "Veletrzni turnaj 2021"]
[Site "?"]
[Date "2021.09.02"]
[Round "6.15"]
[White "Hladky, Mikulas"]
[Black "Neduchal, Jiri"]
[Result "0-1"]
[WhiteElo "1908"]
[BlackElo "1734"]
[PlyCount "100"]
[EventDate "2021.09.02"]
[SourceDate "2021.09.03"]

1. e4 c6 2. d4 d5 3. Nc3 dxe4 4. Nxe4 Bf5 5. Nc3 e6 6. Bc4 Nf6 7. Nf3 Be7 8.
O-O O-O 9. Re1 Nbd7 10. Be3 Qc7 11. Qd2 a5 12. Bf4 Bd6 13. Bxd6 Qxd6 14. a3
Rfd8 15. Rad1 b5 16. Bd3 Bxd3 17. Qxd3 Nb6 18. Ne4 Nxe4 19. Qxe4 Qd5 20. Ne5
Rac8 21. Qf4 f6 22. Nf3 Nc4 23. Rb1 c5 24. dxc5 Rxc5 25. Qe4 Qxe4 26. Rxe4 e5
27. Kf1 Nd2+ 28. Nxd2 Rxd2 29. c3 Kf7 30. Re2 Rcd5 31. Ke1 Rxe2+ 32. Kxe2 Ke6
33. Rd1 a4 34. Rd3 Rxd3 35. Kxd3 Kd5 36. f3 f5 37. h4 e4+ 38. fxe4+ fxe4+ 39.
Ke3 Kc4 40. Kxe4 Kb3 41. Kd4 Kxb2 42. Ke5 Kxa3 43. Ke6 Kb3 44. Kf7 a3 45. Kxg7
h5 46. c4 bxc4 47. g4 hxg4 48. h5 a2 49. h6 a1=Q+ 50. Kg8 g3 0-1

[Event "Veletrzni turnaj 2021"]
[Site "?"]
[Date "2021.09.02"]
[Round "6.16"]
[White "Blazek, Pavel"]
[Black "Sepsi, Jakub"]
[Result "1-0"]
[WhiteElo "1728"]
[BlackElo "1400"]
[PlyCount "46"]
[EventDate "2021.09.02"]
[SourceDate "2021.09.03"]

1. e4 e5 2. Nf3 Nc6 3. Bc4 Bc5 4. c3 d6 5. d4 exd4 6. cxd4 Bb4+ 7. Nc3 Nge7 8.
O-O O-O 9. Bg5 h6 10. Bh4 Bg4 11. Nd5 Bxf3 12. gxf3 Qd7 13. Bxe7 Nxe7 14. Nxb4
Qh3 15. Kh1 c5 16. Nd5 Nc6 17. Rg1 Nxd4 18. Rg3 Qh4 19. Qf1 Kh8 20. Qg2 b5 21.
Rh3 Qd8 22. Rg1 Rg8 23. Bd3 c4 1-0

[Event "Veletrzni turnaj 2021"]
[Site "?"]
[Date "2021.09.02"]
[Round "6.17"]
[White "Haupt, Jromir"]
[Black "Sojka, Oldrich"]
[Result "1-0"]
[WhiteElo "1743"]
[BlackElo "1417"]
[PlyCount "61"]
[EventDate "2021.09.02"]
[SourceDate "2021.09.03"]

1. a3 Nc6 2. b4 e5 3. Bb2 d6 4. e4 Nf6 5. f3 Bd7 6. Bc4 Nh5 7. Ne2 a6 8. O-O
Qc8 9. d4 exd4 10. Nxd4 Ne5 11. Ba2 Nf4 12. g3 Ne6 13. Nf5 Rg8 14. f4 Ng6 15.
Nc3 Qb8 16. Nd5 Qa7+ 17. Bd4 Nxd4 18. Nxd4 O-O-O 19. Qd3 Be6 20. Kg2 Rd7 21.
Rab1 Ne7 22. Nxe6 fxe6 23. Nxe7+ Rxe7 24. f5 Kb8 25. fxe6 g6 26. Rf7 Qb6 27.
Rbf1 Re8 28. Rxh7 Qb5 29. Qxb5 axb5 30. e7 Rg7 31. exf8=Q 1-0

[Event "Veletrzni turnaj 2021"]
[Site "?"]
[Date "2021.09.02"]
[Round "6.18"]
[White "Sauman, Petr"]
[Black "Svec, Ludek"]
[Result "1/2-1/2"]
[WhiteElo "1346"]
[BlackElo "1549"]
[PlyCount "96"]
[EventDate "2021.09.02"]
[SourceDate "2021.09.03"]

1. d4 Nf6 2. c4 e6 3. Nc3 d5 4. Bg5 Nbd7 5. e3 c6 6. cxd5 exd5 7. Nf3 h6 8.
Bxf6 Nxf6 9. a3 Bg4 10. Be2 Bd6 11. O-O O-O 12. Qc2 Re8 13. Rac1 Bh5 14. Rfe1
Rc8 15. Qb3 b5 16. Nd2 Bxe2 17. Rxe2 Ng4 18. g3 h5 19. h3 Nh6 20. Nf3 Qd7 21.
Kg2 Re6 22. Qd1 a6 23. Rec2 Ree8 24. Qd3 g6 25. b4 Kg7 26. Nd2 f5 27. Nb3 Nf7
28. Nc5 Bxc5 29. dxc5 Ng5 30. Qd4+ Kf7 31. Qf4 Qe7 32. h4 Ne6 33. Qe5 Qc7 34.
Qxc7+ Rxc7 35. Ne2 Rce7 36. Nf4 Nxf4+ 37. gxf4 Re4 38. Rd2 Rc4 39. Rdd1 Ree4
40. Kf3 Rxc1 41. Rxc1 Rc4 42. Rxc4 dxc4 43. Ke2 Ke6 44. Kd2 Kd5 45. f3 Ke6 46.
Kc3 Kd7 47. e4 Ke6 48. e5 Kd5 1/2-1/2

[Event "Veletrzni turnaj 2021"]
[Site "?"]
[Date "2021.09.02"]
[Round "6.19"]
[White "Soucek, Andrej"]
[Black "Rychtecky, Pavel"]
[Result "0-1"]
[WhiteElo "1318"]
[BlackElo "1543"]
[PlyCount "124"]
[EventDate "2021.09.02"]
[SourceDate "2021.09.03"]

1. e4 c5 2. Nf3 e6 3. d4 cxd4 4. Nxd4 a6 5. Nc3 Bc5 6. Nb3 Ba7 7. Bd3 Nc6 8. a4
d6 9. O-O Nf6 10. Bg5 Ne5 11. Kh1 h6 12. Bh4 O-O 13. Qe2 Bd7 14. f4 Ng6 15. Bf2
Bc6 16. Bxa7 Rxa7 17. Nd4 Qc8 18. a5 e5 19. fxe5 Nxe5 20. Nf5 Qe6 21. Qf2 Raa8
22. Nxh6+ Kh7 23. Qh4 Ng6 24. e5 dxe5 25. Nxf7+ Kg8 26. Bxg6 Rxf7 27. Bxf7+
Kxf7 28. Qh5+ Ke7 29. Qg6 Rg8 30. Rae1 e4 31. Qf5 g6 32. Qxe6+ Kxe6 33. Re2 Ke5
34. Ref2 Ng4 35. Rf7 Rh8 36. h3 Ne3 37. R1f2 Nf5 38. Nd1 Rd8 39. Nc3 e3 40.
R2xf5+ gxf5 41. Re7+ Kf6 42. Rxe3 Rg8 43. Re2 Rd8 44. Kh2 Rd4 45. Rf2 Kg5 46.
Kg3 Rb4 47. h4+ Kg6 48. b3 Rd4 49. h5+ Kg5 50. h6 Kxh6 51. Rxf5 Rd2 52. Kh3 Bd7
53. g4 Bxf5 54. gxf5 Rxc2 55. Ne4 Rb2 56. Nc5 Kg5 57. Kg3 Kxf5 58. Kh4 Rh2+ 59.
Kg3 Rh7 60. b4 Ke5 61. Kf3 Kd4 62. Ke2 Kc4 0-1

[Event "Veletrzni turnaj 2021"]
[Site "?"]
[Date "2021.09.02"]
[Round "6.20"]
[White "Krystl, Jaromir"]
[Black "Hakl, Jaroslv"]
[Result "1-0"]
[WhiteElo "1514"]
[BlackElo "1471"]
[PlyCount "111"]
[EventDate "2021.09.02"]
[SourceDate "2021.09.03"]

1. b3 e5 2. Bb2 Nc6 3. e3 Bc5 4. f4 d6 5. Nf3 f6 6. Bb5 Nge7 7. d4 exd4 8. exd4
Bb6 9. d5 a6 10. Ba4 Ba5+ 11. Nc3 b5 12. Bxb5 axb5 13. dxc6 Nxc6 14. Qd5 Qe7+
15. Kd1 Qd7 16. Re1+ Kd8 17. Qxb5 Ba6 18. Qd5 Rb8 19. f5 Bxc3 20. Bxc3 Ne7 21.
Qf7 Nxf5 22. Bxf6+ Kc8 23. Qxd7+ Kxd7 24. Bc3 Bb7 25. Kd2 Bxf3 26. gxf3 Nh4 27.
Re4 Nxf3+ 28. Kd3 Rhg8 29. Rf1 Ng5 30. Rg4 Rb5 31. Rff4 Ne6 32. Rf7+ Ke8 33.
Rf1 Kd7 34. Rf7+ Ke8 35. Rf1 Kd7 36. b4 Rh5 37. h4 g5 38. Rfg1 h6 39. a4 Rf8
40. hxg5 Rxg5 41. Rxg5 hxg5 42. Bd2 d5 43. Be3 c6 44. c3 Nf4+ 45. Kd2 Ne6 46.
a5 Kc7 47. Rh1 Rf7 48. Rh6 Re7 49. Rg6 Kb7 50. Bxg5 Rg7 51. Rxe6 Rxg5 52. Re7+
Ka6 53. Rc7 Kb5 54. Rb7+ Ka6 55. Rb6+ Ka7 56. Rxc6 1-0

[Event "Veletrzni turnaj 2021"]
[Site "?"]
[Date "2021.09.02"]
[Round "6.22"]
[White "Karafiat, Vojteh"]
[Black "Vavrinkova, Marie"]
[Result "0-1"]
[WhiteElo "1255"]
[BlackElo "1492"]
[PlyCount "52"]
[EventDate "2021.09.02"]
[SourceDate "2021.09.03"]

1. d4 d5 2. Bf4 Nf6 3. e3 e6 4. Nf3 Nbd7 5. Bd3 Be7 6. Nbd2 c5 7. c3 Nh5 8. Bg3
O-O 9. Ne5 Nxg3 10. hxg3 h6 11. Nxd7 Bxd7 12. Nf3 Bd6 13. g4 f6 14. Qc2 e5 15.
Bh7+ Kh8 16. Qg6 Qe8 17. Nxe5 fxe5 18. Qxd6 Kxh7 19. Qxd5 cxd4 20. cxd4 exd4
21. Qxd4 Bc6 22. f3 Qf7 23. Qd3+ Kg8 24. e4 Bxe4 25. fxe4 Qf2+ 26. Kd1 Rad8 0-1

[Event "Veletrzni turnaj 2021"]
[Site "?"]
[Date "2021.09.02"]
[Round "6.23"]
[White "Prokop, Jiri"]
[Black "Luc, Martin"]
[Result "1-0"]
[WhiteElo "1684"]
[BlackElo "1114"]
[PlyCount "55"]
[EventDate "2021.09.02"]
[SourceDate "2021.09.03"]

1. f4 d5 2. Nf3 Nc6 3. d4 Bd7 4. e3 e6 5. c3 Be7 6. Bd3 Bh4+ 7. g3 Bf6 8. O-O
Nge7 9. Ne5 g6 10. Nd2 Nxe5 11. fxe5 Bg7 12. Nf3 Bh6 13. e4 Bxc1 14. Qxc1 h6
15. Qf4 dxe4 16. Bxe4 Bc6 17. Nd2 Bxe4 18. Qxf7+ Kd7 19. Nxe4 Kc8 20. Qxe6+ Qd7
21. Qxd7+ Kxd7 22. Nc5+ Ke8 23. Rf6 Rf8 24. Raf1 Rxf6 25. Rxf6 b6 26. Ne6 Kd7
27. Nf8+ Ke8 28. Nxg6 1-0

[Event "Veletrzni turnaj 2021"]
[Site "?"]
[Date "2021.09.02"]
[Round "6.27"]
[White "Teply, Jan"]
[Black "Kabatova, Beta"]
[Result "1/2-1/2"]
[WhiteElo "1063"]
[BlackElo "1049"]
[PlyCount "77"]
[EventDate "2021.09.02"]
[SourceDate "2021.09.03"]

1. e4 c5 2. c3 d5 3. exd5 Qxd5 4. d4 Nc6 5. Nf3 Bg4 6. Be2 Nf6 7. Be3 cxd4 8.
cxd4 e6 9. O-O Be7 10. Nc3 Qd7 11. Ne5 Bxe2 12. Nxe2 Nxe5 13. dxe5 Qxd1 14.
Rfxd1 Nd5 15. Bd4 O-O 16. a3 Rac8 17. Nc3 Nxc3 18. Bxc3 Rfd8 19. Bd4 b6 20. Be3
h6 21. g3 Bc5 22. Bxc5 bxc5 23. Rac1 Rd5 24. Rxd5 exd5 25. f4 c4 26. Kf1 Kf8
27. Ke1 Ke7 28. Kd2 d4 29. Re1 Rc6 30. Re4 d3 31. h4 Ke6 32. g4 g6 33. Rd4 Ke7
34. f5 gxf5 35. gxf5 a6 36. Rg4 Rc5 37. Re4 a5 38. Rf4 Rc6 39. Re4 1/2-1/2

[Event "Veletrzni turnaj 2021"]
[Site "?"]
[Date "2021.09.02"]
[Round "6.28"]
[White "Kubatova, Ema"]
[Black "Jurak, Stanislav"]
[Result "0-1"]
[WhiteElo "1005"]
[BlackElo "1728"]
[PlyCount "100"]
[EventDate "2021.09.02"]
[SourceDate "2021.09.03"]

1. d4 d5 2. Nf3 Bg4 3. g3 Nf6 4. Bg2 e6 5. O-O Be7 6. Nbd2 O-O 7. b3 Nbd7 8.
Bb2 Nb6 9. e3 Rc8 10. Rc1 Ne4 11. Qe1 Nxd2 12. Nxd2 c5 13. c4 Bf6 14. a3 cxd4
15. exd4 dxc4 16. bxc4 Rc7 17. Qe3 Qd7 18. c5 Nd5 19. Qd3 Rd8 20. Nf3 Bf5 21.
Qd2 Qc8 22. Rfd1 Bg4 23. Qc2 h6 24. Rd2 Bxf3 25. Bxf3 Bg5 26. Rcd1 Bxd2 27.
Rxd2 b6 28. Bxd5 Rxd5 29. Qc3 f6 30. Qe3 bxc5 31. dxc5 Rxd2 32. Qxd2 Rxc5 33.
Bd4 Rd5 34. Qe3 a5 35. Bc3 Qc6 36. Qf3 Qd7 37. Kg2 Kf7 38. Kh3 Qa4 39. Bb2 Qd1
40. Qxd1 Rxd1 41. Bc3 Rd5 42. Kg4 Ke7 43. Kf4 Kd6 44. Ke4 Kc6 45. Bd4 Kb5 46.
Ke3 Ka4 47. Bb2 Kb3 48. Bc1 Kc2 49. a4 Kxc1 50. Kf3 Kd2 0-1